000 00948cam a2200301 a 4500
001 16567161
003 NUST
005 20211101111651.0
008 101206s2012 mauab b 001 0 eng
010 _a 2010046855
020 _a9789332587038
038 _aKhadija
040 _aDLC
_cDLC
_dDLC
042 _apcc
050 0 0 _aTK8322
_b.K57 2012
082 0 0 _a621.47
_222
_bTHO
100 1 _aKissell, Thomas E.
_934535
245 1 0 _aIntroduction to solar principles /
_cThomas E. Kissell.
260 _aIndia
_bPearson
_cc2018
300 _axiii, 298 p. :
_bill., map ;
_c28 cm.
504 _aIncludes bibliographical references and index.
563 _aPB
650 0 _aPhotovoltaic cells
_vTextbooks.
_934536
650 0 _aSolar energy
_vTextbooks.
_934537
906 _a7
_bcbc
_corignew
_d1
_eecip
_f20
_gy-gencatlg
942 _2ddc
_cBK
999 _c540494
_d540494